Countries of the World: Country Transits = 2 - Statistics

General Stats
  • This quiz has been taken 45 times
  • The average score is 89 of 155
Answer Stats
COUNTRY CT = 2 % Correct
Afghanistan
100%
Albania
100%
Algeria
100%
Andorra
100%
Angola
100%
Argentina
100%
Armenia
100%
Austria
100%
Azerbaijan
100%
Bangladesh
100%
Belarus
100%
Belgium
100%
Belize
100%
Benin
100%
Bhutan
100%
Bolivia
100%
Bosnia and Herzegovina
100%
Botswana
100%
Brazil
100%
Bulgaria
100%
Burkina Faso
100%
Burma
100%
Burundi
100%
Canada
100%
Central African Republic
100%
Chad
100%
Chile
100%
China
100%
Colombia
100%
Cote d'Ivoire
100%
Brunei
97%
Cambodia
97%
Cameroon
97%
Croatia
97%
Czech Republic
97%
Democratic Republic of the Congo
97%
Denmark
97%
Djibouti
97%
Ecuador
97%
Egypt
97%
Eritrea
97%
Ethiopia
97%
Finland
97%
France
97%
Germany
97%
Ghana
97%
Greece
97%
East Timor
94%
El Salvador
94%
Estonia
94%
Georgia
94%
India
94%
Costa Rica
90%
Equatorial Guinea
90%
Gabon
90%
Gambia
90%
Guatemala
90%
Hungary
90%
Iran
90%
Israel
90%
Italy
90%
Guyana
87%
Indonesia
87%
Iraq
87%
Honduras
84%
Jordan
84%
Kazakhstan
84%
Kenya
84%
Kosovo
81%
Guinea
77%
Guinea-Bissau
74%
Kyrgyzstan
74%
Kuwait
71%
Laos
71%
Latvia
65%
Ireland
61%
Luxembourg
61%
Libya
58%
Liechtenstein
58%
Lithuania
58%
Lesotho
55%
Liberia
55%
Macedonia
55%
Lebanon
52%
Malawi
52%
Malaysia
45%
Mali
45%
Mauritania
45%
Moldova
45%
Monaco
45%
Mongolia
45%
Mexico
42%
Montenegro
42%
Morocco
42%
North Korea
42%
Mozambique
39%
Namibia
39%
Nepal
39%
Netherlands
39%
Norway
39%
Panama
39%
Niger
35%
Nigeria
35%
Portugal
35%
Nicaragua
32%
Pakistan
32%
Papua New Guinea
32%
Paraguay
32%
Peru
32%
Poland
32%
Oman
29%
Qatar
26%
Romania
26%
Russia
26%
Republic of the Congo
23%
Rwanda
23%
San Marino
19%
Saudi Arabia
19%
Senegal
16%
Serbia
16%
Spain
13%
Sierra Leone
10%
Slovakia
10%
Slovenia
10%
Somalia
10%
South Korea
10%
South Africa
6%
South Sudan
6%
Sri Lanka
6%
Sudan
6%
Suriname
3%
Swaziland
3%
Sweden
3%
Switzerland
3%
Syria
3%
Tajikistan
3%
Tanzania
3%
Thailand
3%
Turkmenistan
3%
Ukraine
3%
Uzbekistan
3%
Vietnam
3%
Zimbabwe
3%
Togo
0%
Tunisia
0%
Turkey
0%
Uganda
0%
United Arab Emirates
0%
United Kingdom
0%
United States
0%
Uruguay
0%
Vatican City
0%
Venezuela
0%
Yemen
0%
Zambia
0%
No matching quizzes found
Score Distribution
Percent of People with Each Score
Percentile by Number Answered
Your Score History
You have not taken this quiz